Etiqueta de registo: 00379nas 2200205 450
001 1791930
003 http://id.bnportugal.gov.pt/bib/catbnp/1791930
100 ## $a20111018b19331953m y0pory0103 ba
101 0# $apor
102 ## $aPT
106 ## $ae
110 ## $accazz 0uu0
200 1# $aNoticias, agrícola$fpropr. Emprêsa Nacional de Publicidade$gdir. A. Urbano de Castro, Joaquim Pratas
207 #0 $aA. 1, nº 1 (4 Mar. 1933) - a. 21, nº 1042 ( 12 Fev. 1953)
210 #9 $aLisboa$cE.N.P.,$d1933-1953
215 ## $d43 cm
326 ## $aSemanal
620 ## $dLisboa
702 #1 $aCastro,$bArtur Urbano de,$f1875?-1953$4300$3206112
702 #1 $aPratas,$bJoaquim,$f1891-1953$4300$387616
712 02 $aEmpresa Nacional de Publicidade$4650$36406
801 #0 $aPT$bBN$gRPC
966 ## $lBN$mFGJOR$sJ. 4048 M.
Etiqueta de registo: 00677cas 2200217 450
001 986526
003 http://id.bnportugal.gov.pt/bib/catbnp/986526
005 19990626000000.0
095 ## $aPTBN00998729
100 ## $a19980608b19541963m y0pory01030103ba
101 0# $apor
102 ## $aPT
106 ## $ar
110 ## $aafazz 0uu0
200 1# $aAlbum do cavaleiro andante$fpropr. Empresa Nacional de Publicidade$gdir. Adolfo Simões Muller$ged. Mário Nunes de Carvalho
207 #0 $aNº 1 (abr. 1954) - nº 107 (abr. 1963)
210 #9 $aLisboa$cEmpresa Nacional de Publicidade,$d1954-1963
215 ## $d30 cm
326 ## $aMensal
620 ## $dLisboa
702 #1 $aMüller,$bAdolfo Simões,$f1909-1989$4300$378864
702 #1 $aCarvalho,$bMário Nunes de$4340$31740995
712 02 $aEmpresa Nacional de Publicidade$4650$36406
801 #0 $aPT$bBN$gRPC
966 ## $lBN$mFGREV$sP.P. 3013 A.
Etiqueta de registo: 00583ca 22001811 450
001 714142
003 http://id.bnportugal.gov.pt/bib/catbnp/714142
005 19990108000000.0
095 ## $aPTBN00501224
100 ## $a19920708d1937 k y0pory0103 ba
101 0# $apor
102 ## $aPT
200 1# $aRelatório da administração e parecer do conselho fiscal$eexercício findo em 31 de Dez. de 1936$fEmpresa Nacional de Publicidade
210 #9 $aLisboa$cTip. da Empresa Nacional de Publicidade,$d1937
215 ## $a[9] f.$d27 cm
710 02 $aEmpresa Nacional de Publicidade$36406
801 #0 $aPT$bBN$gRPC
966 ## $lBN$mFGMON$sC.G. 3937 V.
997 ## $aBIBEOD
998 ## $aCR613-403
Etiqueta de registo: 00484cam 22001811 450
001 133798
003 http://id.bnportugal.gov.pt/bib/catbnp/133798
005 19981121222300.0
095 ## $aPTBN00139453
100 ## $a19610201d1934 k y0pora0103 ba
101 0# $apor
102 ## $aPT
200 1# $aEstatutos$e1931$fEmpresa Nacional de Publicidade
210 #9 $aLisboa$c[s.n.],$d1934
215 ## $a16, [1] p., [2] f.$d24 cm
675 ## $a655$vmed$zpor$3289234
710 02 $aEmpresa Nacional de Publicidade$36406
801 #0 $aPT$bBN$gRPC
966 ## $lBN$mFGMON$sS.A. 24087 V.
997 ## $aBIBEOD
Etiqueta de registo: 00558cas 22001811 450
001 737979
003 http://id.bnportugal.gov.pt/bib/catbnp/737979
005 19990108000000.0
095 ## $aPTBN00525223
100 ## $a19931218g19449999m y0pory0103 ba
101 0# $apor
102 ## $aPT
200 1# $aRelatório da administração e parecer do conselho fiscal$e1943$fEmpresa Nacional de Publicidade
210 #9 $a[S.l.$cs.n.],$d1944-$eLisboa :$gTip. Emp. Nac. de Publicidade)
215 ## $a8 p.$d27 cm
712 02 $aEmpresa Nacional de Publicidade$4650$36406
801 #0 $aPT$bBN$gRPC
966 ## $lBN$mFGMON$sC.G. 3937 V.
998 ## $aCB052-2
Etiqueta de registo: 00497cam 22001931 450
001 404079
003 http://id.bnportugal.gov.pt/bib/catbnp/404079
005 19981231000000.0
095 ## $aPTBN00432383
100 ## $a19930306d1971 m y0pory0103 ba
101 0# $apor
102 ## $aPT
200 1# $aEstatutos$e1969$fEmpresa Nacional de Publicidade
210 #9 $aLisboa$c[s.n.],$d1971
215 ## $a16 p.$d22 cm
675 ## $a655$vmed$zpor$3289234
710 02 $aEmpresa Nacional de Publicidade$36406
801 #0 $aPT$bBN$gRPC
966 ## $lBN$mFGMON$sB.A.D. 361 V.
997 ## $aBIBEOD
998 ## $aCR702-209
Etiqueta de registo: 00807cas 2200241 450
001 386025
003 http://id.bnportugal.gov.pt/bib/catbnp/386025
100 ## $a19981230b19561957m y0pory01030103ba
101 0# $apor
102 ## $aPT
106 ## $ar
110 ## $aagazz 0uu0
200 1# $aGRAAL$epoesia, teatro, ficção, ensaio, crítica$fpropr. Empresa Nacional de Publicicade$gdir. António Manuel Couto Viana$gdir. artístico António Vaz Pereira$ged. Alberto Ramires dos Reis
207 #0 $aNº 1 (abr./maio 1956) - nº 4 (dez. 1956/jun. 1957)
210 #9 $aLisboa$cEmpresa Nacional de Publicicade,$d1956-1957
215 ## $d26 cm
326 ## $aBimestral
620 ## $dLisboa
675 ## $a821.134.3-6"19"$vmed$zpor$3289251
702 #1 $aViana,$bAntónio Manuel Couto,$f1923-2010$4300$340138
702 #1 $aPereira,$bAntónio Vaz,$f1929-2022$4440$3184866
702 #1 $aReis,$bAlberto Ramires dos$4340$31857317
712 02 $aEmpresa Nacional de Publicidade$4650$36406
801 #0 $aPT$bBN$gRPC
966 ## $lBN$mFGREV$sP.P. 10749 V.
Etiqueta de registo: 00665cas 22002411 450
001 267208
003 http://id.bnportugal.gov.pt/bib/catbnp/267208
005 19990421184400.0
095 ## $aPTBN00277890
100 ## $a19600401b19511969m y0pora0103 ba
101 0# $apor
102 ## $aPT
106 ## $ar
110 ## $aakazz..0yy0
200 1# $aAnuário do Ultramar Português$fEmpresa Nacional de Publicidade
207 #0 $aEd. 17 (1951)-ed. 34 (1969)
210 #9 $aLisboa$cE.N.P.,$d1951-1969
215 ## $d27 cm
620 ## $dLisboa
675 ## $a91$vmed$zpor$3288224
712 02 $aEmpresa Nacional de Publicidade$4650$36406
801 #0 $aPT$bBN$gRPC
930 ## $lBN$mBG$dP.P. 652 V.$jEd. 17 (1951)-ed. 34 (1969)
966 ## $lBN$mFGREV$sP.P. 652 V.
Etiqueta de registo: 00607ca 022002051 04500
001 351421
003 http://id.bnportugal.gov.pt/bib/catbnp/351421
005 19981229000000.0
095 ## $aPTBN00373794
100 ## $a19920708c193 k y0pory0103 ba
101 0# $apor
102 ## $aPT
200 1# $aRelatório da administração e parecer do conselho fiscal$fEmpresa Nacional de Publicidade
210 #9 $aLisboa$cE.N.P.,$d[193-]-
215 ## $d27 cm
303 ## $aDescrição baseada em : 1936, 1948
712 02 $aEmpresa Nacional de Publicidade$4650$36406
801 #0 $aPT$bBN$gRPC
930 ## $lBN$dC.G. 3937 V.$j1936, 1948
966 ## $lBN$mFGMON$sC.G. 3937 V.
997 ## $aBIBEOD
998 ## $aCR613-403
Etiqueta de registo: 00563cam 22001811 450
001 351420
003 http://id.bnportugal.gov.pt/bib/catbnp/351420
005 19981229000000.0
095 ## $aPTBN00373793
100 ## $a19920708d1937 k y0pory0103 ba
101 0# $apor
102 ## $aPT
200 1# $aEdições e obras de que é depositária$ecatálogo 1938$fEmpresa Nacional de Publicidade
210 #9 $a[S.l.$cs.n.],$d1937$eLisboa :$gTip. da Empresa Nacional de Publicidade)
215 ## $a38 p.$cil.$d20 cm
710 02 $aEmpresa Nacional de Publicidade$36406
801 #0 $aPT$bBN$gRPC
966 ## $lBN$mFGREV$sB.P.P. 231 P.
997 ## $aBIBEOD
998 ## $aCR613-402
Etiqueta de registo: 00522cam 022001931 04500
001 227848
003 http://id.bnportugal.gov.pt/bib/catbnp/227848
005 19981202190400.0
095 ## $aPTBN00236171
100 ## $a19750801d1975 m y0pora0103 ba
101 0# $apor
102 ## $aPT
200 1# $aCaderno reivindicativo$fEmpresa Nacional de Publicidade
210 #9 $aLisboa$cE. N. de Publicidade,$d1975
215 ## $a20 p.$d17 cm
675 ## $a331$vmed$zpor$3288026
710 02 $aEmpresa Nacional de Publicidade$36406
801 #0 $aPT$bBN$gRPC
966 ## $lBN$mFGMON$sS.C. 26033 P.
997 ## $aBIBEOD
998 ## $aCR330 - 00056
Etiqueta de registo: 00937cas 02200313 04500
001 113707
003 http://id.bnportugal.gov.pt/bib/catbnp/113707
005 20000115153600.0
011 ## $a0870-5429$f0870-5429
095 ## $aPTBN00118770
100 ## $a19870112a19539999km y0pora0103 ba
101 0# $apor
102 ## $aPT
106 ## $ar
110 ## $aafazz 0xx0
200 1# $aVida rural$esemanário da lavoura$fpropr. Empresa Nacional de Publicidade$gdir. A. Urbano de Castro e João Marques de Almeida
207 #0 $aA. 1, nº 1 (Maio 1953)-
210 #9 $aLisboa$cE.N.P.,$d1953-
215 ## $d30 cm
326 ## $aSemestral
530 1# $aVida rural$b(Lisboa)
620 ## $dLisboa
675 ## $a63(469)(05)$vBN$zpor$3330169
702 #1 $aCastro,$bArtur Urbano de,$f1875?-1953$4300$3206112
702 #1 $aAlmeida,$bJoão Marques de,$f1914-1988$4300$31737
712 02 $aEmpresa Nacional de Publicidade$4650$36406
712 02 $aInternational Faculty for Executives$4650$31187367
801 #0 $aPT$bBN$gRPC
802 ## $a18
966 ## $lBN$mFGREV$sP.P. 32 A. $x1
998 ## $aMABC1 - 00047
Etiqueta de registo: 00595cam 22001811 450
001 842192
003 http://id.bnportugal.gov.pt/bib/catbnp/842192
005 19990126000000.0
095 ## $aPTBN00496362
100 ## $a19931008g19359999km y0pory0103 ba
101 0# $apor
102 ## $aPT
200 1# $aRelatório da administração e parecer do conselho fiscal$eexercício findo em 31 de Dezembro de 1934$fEmpresa Nacional de Publicidade
210 #9 $a[S.l.$cs.n.],$d1935-$eLisboa :$gTip. Emp. Nac. de Publicidade)
215 ## $a[8] p.$d26 cm
710 02 $aEmpresa Nacional de Publicidade$36406
801 #0 $aPT$bBN$gRPC
966 ## $lBN$mFGMON$sC.G. 3937 V.
998 ## $aCB011-298
Etiqueta de registo: 00619cas 2200229 450
001 911154
003 http://id.bnportugal.gov.pt/bib/catbnp/911154
005 19990603000000.0
095 ## $aPTBN01037766
100 ## $a19990213b19591959m y0pory0103 ba
101 0# $apor
102 ## $aPT
106 ## $ar
110 ## $aakazz..0yy0
200 1# $aSecção de turismo do anuário do Ultramar Português$fed. da Empresa Nacional de Publicidade
207 #0 $a1959
210 #9 $aLisboa$cE.N.P.,$d1959
215 ## $d27 cm
620 ## $dLisboa
712 02 $aEmpresa Nacional de Publicidade$4650$36406
801 #0 $aPT$bBN$gRPC
930 ## $lBN$mBG$dP.P. 10599 V.$k1959
966 ## $lBN$mFGREV$sP.P. 10599 V.
Etiqueta de registo: 00827cas 022002771 04500
001 50413
003 http://id.bnportugal.gov.pt/bib/catbnp/50413
005 19981116094100.0
095 ## $aPTBN00051731
100 ## $a19910406a19569999a y0pory0103 ba
101 0# $apor
102 ## $aPT
200 1# $aJoão Ratão$fdir. Adolfo Simões Müller$gEmpresa Nacional de Publicidade
207 #0 $aNº1 (Dez. 1956)-
210 #9 $aLisboa$cFernando de Paços,$d1956-
215 ## $d21 cm
326 ## $aMensal
606 ## $aPubl. para crianças$2BN-P$3306522
675 ## $a087.5$vmed$zpor$3287999
702 #1 $aMüller,$bAdolfo Simões,$f1909-1989$4300$378864
702 #1 $aPaços,$bFernando de,$f1923-2003$4650$3162171
712 02 $aEmpresa Nacional de Publicidade$4650$36406
801 #0 $aPT$bBN$gRPC
966 ## $lBN$mFGREV$sP.P. 5119 P.
998 ## $aCR010 - 00166
Etiqueta de registo: 00560cam 02200193 04500
001 1030484
003 http://id.bnportugal.gov.pt/bib/catbnp/1030484
005 20000823075800.0
100 ## $a20000810d1954 m y0pory0103 ba
101 0# $apor
102 ## $aPT
105 ## $aa z 000yy
106 ## $ar
200 1# $aSalazar$e uma vida ao serviço da nação$f[ed.] Empresa Nacional de Publicidade
210 #9 $aLisboa$cENP,$d[D.L. 1954]
215 ## $a[14] p.$cil.$d27 cm
712 02 $aEmpresa Nacional de Publicidade$4340$36406
801 #0 $aPT$bBN$gRPC
966 ## $lBN$mFGMON$sH.G. 19060//5 V. $x0
966 ## $lBN$mFGMON$sH.G. 19121//7 V. $x0
997 ## $aBIBEOD
Etiqueta de registo: 00567nam 2200169 450
001 1249168
003 http://id.bnportugal.gov.pt/bib/catbnp/1249168
100 ## $a20020702d1931 m y0pory010305 ba
101 1# $apor
102 ## $aPT
105 ## $ay z 000yy
106 ## $ar
200 1# $a O segrêdo de Patrício$eromance de amor e aventuras publicado em folhetins no Diário de Notícias$fPierre Chaine, Noré Brunel$gadapt. Empresa Nacional de Publicidade
210 #9 $a[Lisboa$cs.n.],$dimp. 1931$eLisboa :$gTip. da Empresa Nacional de Publicidade)
215 ## $a101, [3] p. a 2 colns$d23 cm
675 ## $a821.133.1-31"19"$vBN$zpor$3704363
700 #1 $aChaine,$bPierre$31202912
701 #1 $aBrunel,$bNoré$4070$31202913
712 02 $aEmpresa Nacional de Publicidade$4010$36406
801 #1 $aFR$bJOUVE
966 ## $lBN$mFGMON$sL. 11541//11 V. $x0
966 ## $lBN$mFGMON$sL. 11545//2 V. $x0
966 ## $lBN$mFGMON$sL. 76727 V.$x3
966 ## $lBN$mFGMON$sL. 95927 V.$x0
997 ## $aBIBEOD
Etiqueta de registo: 00000ckm 2200025 450
001 1889036
003 http://id.bnportugal.gov.pt/bib/catbnp/1889036
100 ## $a20150527d1961----meky0pory01030103ba
101 0# $apor$bfre
102 ## $aPT
200 1# $aGuilde internationale de la sérigraphie$bVisual gráfico]$e29 Novembro - 12 Dezembro, 1961
210 #9 $aLisboa$cGaleria Diário de Notícias,$dimp. 1961$e[Lisboa] :$gTip. da E.N.P.)
215 ## $a1 cartaz$ccolor.$d46x33 cm
307 ## $aNão il.
317 ## $aBiblioteca Alberto de Lacerda$5PTBN: CT. 7234 V.
675 ## $a76(=1:100)"196"(084.5)$vBN$zpor$31610401
675 ## $a766(=1:469)"196"(084.5)$vBN$zpor$3952606
710 02 $aGaleria DN$369748
712 02 $aEmpresa Nacional de Publicidade$4610$36406
801 #0 $aPT$bBN$gRPC
966 ## $lBN$mICONOG$pBiblioteca Alberto de Lacerda$sCT. 7234 V.$x3
997 ## $aBIBEOD
Etiqueta de registo: 00379nas 2200205 450
001 1982424
003 http://id.bnportugal.gov.pt/bib/catbnp/1982424
100 ## $a20180109b19431943m y0pory01030103ba
101 0# $apor
102 ## $aPT
106 ## $ar
110 ## $aakazz 0uu0
200 1# $aAnuário comercial de Lisboa$fpropr. e ed. Empresa Nacional de Publicidade
207 #0 $aEd. 1 (1943)
210 #9 $aLisboa$cEmpresa Nacional de Publicidade,$d1943
215 ## $d26 cm
326 ## $aAnual
620 ## $dLisboa
675 ## $a658(058)$vBN$zpor$3545631
712 02 $aEmpresa Nacional de Publicidade$4650$36406
801 #0 $aPT$bBN$gRPC
966 ## $lBN$mFGREV$sP.P. 32597 V.$x1
Etiqueta de registo: 00579nas 02200205 04500
001 90501
003 http://id.bnportugal.gov.pt/bib/catbnp/90501
100 ## $a20022041b19281935m y0pory01030103ba
101 0# $apor
102 ## $aPT
106 ## $ae
110 ## $accazz 0uu0
200 1# $a O notícias ilustrado$fpropr. Empreza do Diário de Notícias$gdir. Leitão de Barros
207 #0 $aS. 1, a. 1, nº 1 (18 mar. 1928) - s. 2, a. 8, nº 382 (6 out. 1935)
210 #9 $aLisboa$cEmpreza do Diário de Notícias,$d1928-1935
215 ## $a35 cm
326 ## $aSemanal
620 ## $dLisboa
675 ## $a0/9(054)$vBN$zpor$31506827
702 #1 $aBarros,$bLeitão de,$f1896-1967$4300$312896
712 02 $aEmpresa Nacional de Publicidade$4650$36406
801 #0 $aPT$bBN$gRPC
856 40 $2Cópia digital, não integral, de exemplares de 1928/1930 disponível em linha na Hemeroteca
Digital de Lisboa$uhttp://hemerotecadigital.cm-lisboa.pt/OBRAS/NoticiasIlustrado/NoticiasIlustrado.htm
966 ## $lBN$mFGJOR$sJ. 3329 M.$x1
966 ## $lBN$mMICROF$sF.P. 147 $x7
Etiqueta de registo: 00379nas 2200205 450
001 2013422
003 http://id.bnportugal.gov.pt/bib/catbnp/2013422
100 ## $a20190201b19411951a y0pory01030103ba
101 0# $apor
102 ## $aPT
106 ## $ar
110 ## $aacazz 0uu0
200 1# $aDiabrete$fpropr. Empresa Nacional de Publicidade$gdir. A. Urbano de Castro$ged. M. Nunes de Carvalho
207 #0 $aA. 1, nº 1 (4 jan. 1941) - a. 11, nº 887 (29 dez. 1951)
210 #9 $aLisboa$cEmpresa Nacional de Publicidade,$d1941-1951
215 ## $d33 cm
304 ## $aA partir do nº 20 (17 maio 1941) passa a ter como dir. Adolfo Simões Müller
317 ## $aColeção Leandro Morais Sarmento$5PTBN: L.M.S. 21
326 ## $aSemanal
620 ## $dLisboa
675 ## $a087.5(05)$vBN$zpor$3288171
702 #1 $aCastro,$bArtur Urbano de,$f1875?-1953$4300$3206112
702 #1 $aMüller,$bAdolfo Simões,$f1909-1989$4300$378864
702 #1 $aCarvalho,$bM. Nunes de$4340$31740640
712 02 $aEmpresa Nacional de Publicidade$4650$36406
801 #0 $aPT$bBN$gRPC
966 ## $lBN$mFGJOR$sJ. 5256 B.$x1
966 ## $lBN$mFGJOR$pJoão Paulo Viana de Paiva Boléo$sL.M.S. 21 $x3
Etiqueta de registo: 00379nas 2200205 450
001 2013592
003 http://id.bnportugal.gov.pt/bib/catbnp/2013592
100 ## $a20190205b19581959a y0pory01030103ba
101 0# $apor
102 ## $aPT
106 ## $ar
110 ## $aacazz 0uu0
200 1# $aCavaleiro andante$esemanário juvenil.$iEdição de Angola$fpropr. Empresa Nacional de Publicidade$gdir. Adolfo Simões Müller$ged. M. Nunes de Carvalho
207 #0 $aNº 1 (5 jul. 1958) - nº 29 (17 abr. 1959)
210 #9 $aLisboa$cEmpresa Nacional de Publicidade,$d1958-1959
215 ## $d16 cm
326 ## $aQuinzenal
620 ## $dLisboa
675 ## $a087.5(05)$vBN$zpor$3288171
702 #1 $aMüller,$bAdolfo Simões,$f1909-1989$4300$378864
702 #1 $aCarvalho,$bM. Nunes de$4340$31740640
712 02 $aEmpresa Nacional de Publicidade$4650$36406
801 #0 $aPT$bBN$gRPC
966 ## $lBN$mFGREV$sP.P. 3148 A.$x1
Etiqueta de registo: 00379nas 2200205 450
001 2024202
003 http://id.bnportugal.gov.pt/bib/catbnp/2024202
100 ## $a20190618b19561962am y0pory01030103ba
101 0# $apor
102 ## $aPT
106 ## $ar
110 ## $aayuzz 0uu0
200 1# $aColecção Oásis$f[propr. Empresa Nacional de Publicidade]
207 #0 $aNº 3 [(1956)] - Nº 22 [(1958)]
210 #9 $aLisboa$c[Empresa Nacional de Publicidade],$d[1956-1958]
215 ## $d21 cm
305 ## $aEdição Juvenil do "Cavaleiro Andante"
317 ## $aColeção Leandro de MoraesMorais Sarmento$5PTBN: L.M.S. 52
326 ## $aPeriodicidade irregular
518 1# $aColeção Oásis
606 ## $aBanda desenhada$x[Periódicos]$2SIPOR$3887831
620 ## $dLisboa
675 ## $a087.5(05)$vBN$zpor$3288171
712 02 $aEmpresa Nacional de Publicidade$4650$36406
801 #0 $aPT$bBN$gRPC
966 ## $lBN$mFGMON$sP. 6052//1 P $x1
966 ## $lBN$mFGMON$sP. 6052//4 P. $x1
966 ## $lBN$mFGREV$pBiblioteca particular de Leandro de Moraes Sarmento$sL.M.S. 52 $x3
966 ## $lBN$mFGREV$sP.P. 14600 V.$x1
Etiqueta de registo: 00651cas 02200229 04500
001 97720
003 http://id.bnportugal.gov.pt/bib/catbnp/97720
100 ## $a19981119b19621966a y0pora01030103ba
101 0# $apor
102 ## $aPT
106 ## $ar
110 ## $aacazz 0uu0
200 1# $aZorro$esemanário juvenil$fpropr. E. N. P.$gdir. Adolfo Simões Müller$ged. M. Nunes de Carvalho
207 #0 $aA. 1, nº 1 (13 out. 1962) - a. 4, nº 192 (11 jun. 1966)
210 #9 $aLisboa$cE.N.P.,$d1962-1966
215 ## $d29 cm
317 ## $aColeção Leandro de Moraes Sarmento$5PTBN: L.M.S. 152
326 ## $aSemanal
606 ## $aBanda desenhada$x[Periódicos]$2SIPOR$3887831
606 ## $aLiteratura juvenil$x[Periódicos]$2SIPOR$31883993
620 ## $dLisboa
675 ## $a741.5(05)$vBN$zpor$3300845
675 ## $a087.5(05)$vmed$zpor$3288171
702 #1 $aMüller,$bAdolfo Simões,$f1909-1989$4300$378864
702 #1 $aCarvalho,$bM. Nunes de$4340$31740640
712 02 $aEmpresa Nacional de Publicidade$4650$36406
801 #0 $aPT$bBN$gRPC
966 ## $lBN$mFGREV$pBiblioteca particular Leandro de Moraes Sarmento$sL.M.S. 152 $x3
966 ## $lBN$mFGREV$sP.P. 11436 V.$x1
Etiqueta de registo: 00379nas 2200205 450
001 2138561
003 http://id.bnportugal.gov.pt/bib/catbnp/2138561
100 ## $a20230722b19391939m y0pory01030103ba
101 0# $apor
102 ## $aPT
106 ## $ae
110 ## $acaazz 0uu0
200 1# $a A Noite $fdir. Augusto de Castro$ged. Calderon Deniz$gpropr. Empresa Nacional de Publicidade
207 #0 $aA. 1, nº 1 (20 mar. 1939) - a. 1, nº 82 (10 jun. 1939)
210 #9 $aLisboa$cEmpresa Nacional de Publicidade,$d1939
215 ## $d 64 cm.
326 ## $aDiário
620 ## $dLisboa
702 #1 $aCastro,$bAugusto de,$f1883-1971$4300$331895
702 #1 $aDinis,$bAlberto Calderon,$f1902-1994$4340$39887
712 02 $aEmpresa Nacional de Publicidade$4650$36406
801 #0 $aPT$bBN$gRPC
966 ## $lBN$mFGJOR$sJ. 4202 G.$x1
Etiqueta de registo: 00379nas 2200205 450
001 2165004
003 http://id.bnportugal.gov.pt/bib/catbnp/2165004
100 ## $a20240423b19311937m y0pory01030103ba
101 0# $apor
102 ## $aPT
106 ## $ar
110 ## $aafazz 0uu0
200 1# $aColecção Rústica$efolhetos do agricultor$fdir. A. Urbano de Castro, Joaquim Pratas$ged. Emprêsa Nacional de Publicidade
207 #0 $aNº 1 (1931) - nº 31 (1937)
210 #9 $aLisboa$cEmprêsa Nacional de Publicidade,$d1931-1937
215 ## $d17 cm
300 ## $aCada nº catalogado monograficamente
326 ## $aPeriodicidade irregular
518 1# $aColeção Rústica
620 ## $dLisboa
702 #1 $aCastro,$bArtur Urbano de,$f1875?-1953$4300$3206112
702 #1 $aPratas,$bJoaquim,$f1891-1953$4300$387616
712 02 $aEmpresa Nacional de Publicidade$4650$36406
801 #0 $aPT$bBN$gRPC
966 ## $lBN$mFGREV$sP.P. 676 P. $x1
Etiqueta de registo: 00379nas 2200205 450
001 2222352
003 http://id.bnportugal.gov.pt/bib/catbnp/2222352
100 ## $a20250805b19641971m y0pory01030103ba
101 0# $apor
102 ## $aPT
106 ## $ae
110 ## $achazz 0uu0
200 1# $aNotícias Literárias$fpropr. Empresa Nacional de Publicidade$gdir. Alberto Calderon Dinis$ged. Avelino Albreto Carvalho Lourenço Leite
207 #0 $aNº 1 (jul. 1964) - nº 25 (maio 1971)
210 #9 $aLisboa$cEmpresa Nacional de Publicidade,$d1964-1971
215 ## $d32 cm
326 ## $aTrimestral
620 ## $dLisboa
702 #1 $aDinis,$bAlberto Calderon,$f1902-1994$4300$39887
702 #1 $aLeite,$bAvelino Albreto Carvalho Lourenço$4340$31962686
712 02 $aEmpresa Nacional de Publicidade$4650$36406
801 #0 $aPT$bBN$gRPC
966 ## $lBN$mFGJOR$sJ. 916 P. $x1
Etiqueta de registo: 00379nas 2200205 450
001 2013549
003 http://id.bnportugal.gov.pt/bib/catbnp/2013549
100 ## $a20190204b19521962a y0pory01030103ba
101 0# $apor
102 ## $aPT
106 ## $ar
110 ## $aacazz 0uu0
200 1# $aCavaleiro Andante$esemanário juvenil$fpropr. Empresa Nacional de Publicidade$gdir. Adolfo Simões Müller$ged. M. Nunes de Carvalho
207 #0 $aA. 1, nº 1 (5 jan. 1952) - a. 11, nº 556 (25 ag. 1962)
210 #9 $aLisboa$cEmpresa Nacional de Publicidade$d1952-1962
215 ## $a27 cm
317 ## $aColeção Leandro de Moraes Sarmento$5PTBN: L.M.S. 25
326 ## $aSemanal
327 11 $aSeparatas, construções de armar e outros destacáveis de diversos temas
421 #1 $10012280300$t O Pajem do Cavaleiro Andante$cLisboa$bEmpresa Nacional de Publicidade,$d1952-1960$h$i
421 #1 $10012280306$tBip-Bip$cLisboa$bEmpresa Nacional de Publicidade,$d1961-1962
421 #1 $10012282559$tDesportos do Cavaleiro Andante$cLisboa$bEmpresa Nacional de Publicidade,$d1953-1957
606 ## $aBanda desenhada$x[Periódicos]$2SIPOR$3887831
606 ## $aLiteratura juvenil$x[Periódicos]$2SIPOR$31883993
620 ## $dLisboa
675 ## $a741.5(05)$vBN$zpor$3300845
675 ## $a087.5(05)$vBN$zpor$3288171
702 #1 $aMüller,$bAdolfo Simões,$f1909-1989$4300$378864
702 #1 $aCarvalho,$bM. Nunes de$4340$31740640
712 02 $aEmpresa Nacional de Publicidade$4650$36406
801 #0 $aPT$bBN$gRPC
966 ## $lBN$mFGREV$pBiblioteca particular Leandro de Moraes Sarmento$sL.M.S. 25 $x3
966 ## $lBN$mFGREV$sP.P. 61 V. $x1
Etiqueta de registo: 00379nas 2200205 450
001 2279907
003 http://id.bnportugal.gov.pt/bib/catbnp/2279907
100 ## $a20260312b19631975m y0pory01030103ba
101 0# $apor
102 ## $aPT
106 ## $ae
110 ## $accazz 0uu0
200 1# $aNau Catrineta$epara os jovens leitores do Diário de Notícias$fdir. Adolfo Simões Müller$gpropr. Empresa Nacional de Publicidade
207 #0 $aA. 1, nº 1 (14 dez. 1963) - a. 12, nº 595 (14 jul. 1975)
210 #9 $aLisboa$cEmpresa Nacional de Publicidade,$d1963-1975
215 ## $d33 cm
312 ## $aSuplemento destacável, publicado como parte integrante do jornal Diário de Notícias
317 ## $aColeção Leandro de Moraes Sarmento$5PTBN: L.M.S. 148
326 ## $aSemanal
422 #1 $100190456$tDiário de notícias$cLisboa$bTypographia Universal,$d1864-$x0870-1954
606 ## $aBanda desenhada$x[Periódicos]$2SIPOR$3887831
620 ## $dLisboa
675 ## $a087.5(05)$vBN$zpor$3288171
702 #1 $aMüller,$bAdolfo Simões,$f1909-1989$4300$378864
712 02 $aEmpresa Nacional de Publicidade$4650$36406
801 #0 $aPT$bBN$gRPC
966 ## $lBN$mFGJOR$pBiblioteca particular Leandro de Moraes Sarmento$sL.M.S. 148 $x3
Etiqueta de registo: 00379nas 2200205 450
001 2280306
003 http://id.bnportugal.gov.pt/bib/catbnp/2280306
100 ## $a20260315b19611962m y0pory01030103ba
101 0# $apor
102 ## $aPT
106 ## $ar
110 ## $aadazz 0uu0
200 1# $aBip-Bip$fpropr. Empresa Nacional de Publicidade
207 #0 $aNº espécimen (4 maio 1961) - nº 34 (25 ag. 1962)
210 #9 $aLisboa$cEmpresa Nacional de Publicidade,$d1961-1962
215 ## $d30 cm
304 ## $aTeve como principais ilustradores: Artur Correia e Fernando Bento
305 ## $aSuplemento destacável do Foguetão até ao nº 6, de 8 de junho de 1961; depois, suplemento
destacável do Cavaleiro Andante (do nº 502, de 19 de agosto de 1961, ao nº 556, de
25 de agosto de 1962), fazendo parte integrante de ambas as publicações.
317 ## $aColeção Leandro de Moraes Sarmento$5PTBN: L.M.S. 151
326 ## $aQuinzenal
422 #1 $100166710$tFoguetão$cLisboa$bEmpresa Nacional de Publicidade,$d1961
606 ## $aBanda desenhada$x[Periódicos]$2SIPOR$3887831
606 ## $aLiteratura juvenil$x[Periódicos]$2SIPOR$31883993
620 ## $dLisboa
675 ## $a741.5(05)$vBN$zpor$3300845
675 ## $a087.5(05)$vBN$zpor$3288171
702 #1 $aCorreia,$bArtur,$f1932-2018$4440$345008
702 #1 $aBento,$bFernando,$f1910-1996$4440$312955
712 02 $aEmpresa Nacional de Publicidade$4650$36406
801 #0 $aPT$bBN$gRPC
966 ## $lBN$mFGREV$pBiblioteca particular Leandro de Moraes Sarmento$sL.M.S. 151 $x3
966 ## $lBN$mFGREV$sP.P. 3308 A.$x1
Etiqueta de registo: 00627cas 02200217 04500
001 66710
003 http://id.bnportugal.gov.pt/bib/catbnp/66710
100 ## $a19981117b19611961a y0pory01030103ba
101 0# $apor
102 ## $aPT
106 ## $ar
110 ## $accazz 0xx0
200 1# $aFoguetão$esemanário juvenil para o ano 2000$fpropr. Empresa Nacional de Publicidade$gdir. Adolfo Simões Müller
207 #0 $aNº prospeto [(abr. 1961)] - nº 13 (jul. 1961)
210 #9 $aLisboa$cEmpresa Nacional de Publicidade,$d1961
215 ## $d42 cm
317 ## $aColeção Leandro de Moraes Sarmento$5PTBN: L.M.S. 150
326 ## $aSemanal
421 #1 $10012280306$tBip-Bip$cLisboa$bEmpresa Nacional de Publicidade,$d1961-1962$h$i
606 ## $aBanda desenhada$x[Periódicos]$2SIPOR$3887831
606 ## $aLiteratura juvenil$x[Periódicos]$2SIPOR$31883993
620 ## $dLisboa
675 ## $a741.5(05)$vBN$zpor$3300845
675 ## $a087.5(05)$vBN$zpor$3288171
702 #1 $aMüller,$bAdolfo Simões,$f1909-1989$4300$378864
712 02 $aEmpresa Nacional de Publicidade$4650$36406
801 #0 $aPT$bBN$gRPC
856 40 $2Cópia digital disponível na Hemeroteca Digital$uhttp://hemerotecadigital.cm-lisboa.pt/OBRAS/Foguetao/Foguetao.htm
966 ## $lBN$mFGREV$pBiblioteca partiicular Leandro de Moraes Sarmento$sL.M.S. 150 $x3
966 ## $lBN$mFGREV$sP.P. 3308 A.$x1
Etiqueta de registo: 00379nas 2200205 450
001 2280300
003 http://id.bnportugal.gov.pt/bib/catbnp/2280300
100 ## $a20260314b19521960m y0pory01030103ba
101 0# $apor
102 ## $aPT
106 ## $ar
110 ## $aacazz 0uu0
200 1# $a O Pajem do Cavaleiro Andante$fpropr. Empresa Nacional de Publicidade
207 #0 $aNº 1 (5 jul. 1952) - nº 326 (19 nov. 1960)
210 #9 $aLisboa$cEmpresa Nacional de Publicidade,$d1952-1960
215 ## $d16 cm
304 ## $aTeve como principais ilustradores: Stuart Carvalhais, José Félix e Fernando Bento
305 ## $aApresenta numeração própria até ao nº 14, de 4 de outubro de 1952; a partir desse
número, adota a numeração sequencial do título principal. No total, foram publicados
326 números. A partir do nº 227, a numeração passa a ser interpolada: os números ímpares
correspondem aos suplementos «Desportos» ou «Andorinha», enquanto os números pares
pertencem ao suplemento «O Pajem»
305 ## $aSuplemento destacável, publicado como parte integrante do periódico: «Cavaleiro Andante»
317 ## $aColeção Leandro de Moraes Sarmento$5PTBN: L.M.S. 163
326 ## $aQuinzenal
422 #1 $10012013549$tCavaleiro Andante$cLisboa$bEmpresa Nacional de Publicidade$d1952-1962
606 ## $aBanda desenhada$x[Periódicos]$2SIPOR$3887831
606 ## $aLiteratura juvenil$x[Periódicos]$2SIPOR$31883993
620 ## $dLisboa
675 ## $a087.5(05)$vBN$zpor$3288171
702 #1 $aCarvalhais,$bStuart,$f1887-1961$4440$39706
702 #1 $93$aFélix,$bJosé$4440$3285235
702 #1 $aBento,$bFernando,$f1910-1996$4440$312955
712 02 $aEmpresa Nacional de Publicidade$4650$36406
801 #0 $aPT$bBN$gRPC
966 ## $lBN$mFGREV$pBiblioteca particular Leandro de Moraes Sarmento$sL.M.S. 163 $x3
Etiqueta de registo: 00379nas 2200205 450
001 2282559
003 http://id.bnportugal.gov.pt/bib/catbnp/2282559
100 ## $a20260322b19531957m y0pory01030103ba
101 0# $apor
102 ## $aPT
106 ## $ar
110 ## $aacazz 0uu0
200 1# $aDesportos do Cavaleiro Andante$fpropr. Empresa Nacional de Publicidade
207 #0 $aNº 62 (7 mar. 1953) - nº 146 (16 out. 1954) ;$aNº 210 (7 jan. 1956) - nº 313 (28 dez. 1957)
210 #9 $aLisboa$cEmpresa Nacional de Publicidade,$d1953-1957
215 ## $d26 cm
304 ## $aTeve como coordenador Carlos Pinhão
305 ## $aSuplemento sem numeração própria
305 ## $aNão se publicou de novembro de 1954 a dezembro de 1955
307 ## $aA partir de 1956 passa a ter 16 cm
317 ## $aColeção Leandro de Moraes Sarmento$5PTBN: L.M.S. 187
326 ## $aSemanal
422 #1 $10012013549$tCavaleiro Andante$cLisboa$bEmpresa Nacional de Publicidade$d1952-1962
606 ## $aDesportos$xBibliografias$x [ Periódicos]$2SIPOR$31992955
620 ## $dLisboa
675 ## $a087.5(05)$vBN$zpor$3288171
702 #1 $aPinhão,$bCarlos,$f1924-1993$4300$330591
712 02 $aEmpresa Nacional de Publicidade$4650$36406
801 #0 $aPT$bBN$gRPC
966 ## $lBN$mFGREV$pBiblioteca particular Leandro de Moraes Sarmento$sL.M.S. 187 $x3
Etiqueta de registo: 00379nas 2200205 450
001 2283593
003 http://id.bnportugal.gov.pt/bib/catbnp/2283593
100 ## $a20260402b19581960m y0pory01030103ba
101 0# $apor
102 ## $aPT
106 ## $ar
110 ## $aacazz 0uu0
200 1# $aAndorinha$fdir. Andorinha$gpropr. Empresa Nacional de Publicidade
207 #0 $aNº 1 (11 jan. 1958) - nº 6 (10 dez. 1960)
210 #9 $aLisboa$cEmpresa Nacional de Publicidade,$d1952-1960
215 ## $d16 cm
304 ## $aAndorinha, figura fictícia/pseudónimo que personifica a direção editorial do suplemento
304 ## $aTeve como ilustradores: Fernando Bento, Artur Correia e Christian Mathelot
305 ## $aPublicação intercalada com os suplementos "Pajem do Cavaleiro Andante" e «Desportos
do Cavaleiro Andante»
305 ## $aSuplemento destacável, publicado como parte integrante do periódico: «Cavaleiro Andante»
317 ## $aColeção Leandro de Moraes Sarmento$5PTBN: L.M.S. 308
326 ## $aSemanal
606 ## $aBanda desenhada$x[Periódicos]$2SIPOR$3887831
606 ## $aLiteratura juvenil$x[Periódicos]$2SIPOR$31883993
620 ## $dLisboa
675 ## $a087.5(05)$vBN$zpor$3288171
702 #0 $91$aAndorinha,$cpseud.$4300$31994663
702 #1 $aBento,$bFernando,$f1910-1996$4440$312955
702 #1 $91$aMathelot,$bChristian,$f1923-2013$4440$31994664
702 #1 $aCorreia,$bArtur,$f1932-2018$4440$345008
712 02 $aEmpresa Nacional de Publicidade$4650$36406
801 #0 $aPT$bBN$gRPC
966 ## $lBN$mFGREV$sL.M.S. 308